[Event "Oberliga Ost-A 1718"]
[Site "Germany"]
[Date "2018.04.14"]
[Round "10.6"]
[White "Zaehringer, Daniel"]
[Black "Verhulst, Nikolaas"]
[Result "1-0"]
[WhiteElo "2015"]
[BlackElo "2070"]
[PlyCount "69"]
[EventDate "2017.10.22"]
[EventType "team-tourn"]
[EventRounds "11"]
[EventCountry "GER"]
[SourceTitle "EXT 2019"]
[Source "ChessBase"]
[SourceDate "2018.10.10"]
[SourceVersion "1"]
[SourceVersionDate "2018.10.10"]
[SourceQuality "1"]
[WhiteTeam "Plauen Koenig"]
[BlackTeam "Dresden USV TU II"]
[WhiteTeamCountry "GER"]
[BlackTeamCountry "GER"]

1. d4 Nf6 2. Bg5 Ne4 3. Bf4 c5 4. f3 Qa5+ 5. c3 Nf6 6. d5 d6 7. e4 Nbd7 8. a4 g6 9. Nd2 Bg7 10. Nc4 Qd8 11. Ne2 a6 12. Ng3 0-0 13. Be2 b6 14. 0-0 Bb7 15. Na3 Ne8 16. Qd2 Nc7 17. Rac1 Re8 18. b4 b5 19. a5 c4 20. Nc2 Ne5 21. Bh6 Bxh6 22. Qxh6 e6 23. dxe6 fxe6 24. Rcd1 Qe7 25. Qe3 Nf7 26. f4 e5 27. f5 d5 28. Qb6 Qd6 29. fxg6 hxg6 30. Rf6 Qxb6+ 31. Rxb6 Rab8 32. Rxg6+ Kh7 33. Rf6 Nh6 34. Rdf1 Re7 35. Rxh6+ 1-0

[Event "Oberliga Ost-A 1718"]
[Site "Germany"]
[Date "2017.11.11"]
[Round "2.5"]
[White "Schulte, Felix"]
[Black "Verhulst, Nikolaas"]
[Result "1-0"]
[WhiteElo "1967"]
[BlackElo "2070"]
[PlyCount "47"]
[EventDate "2017.10.22"]
[EventType "team-tourn"]
[EventRounds "11"]
[EventCountry "GER"]
[SourceTitle "EXT 2019"]
[Source "ChessBase"]
[SourceDate "2018.10.10"]
[SourceVersion "1"]
[SourceVersionDate "2018.10.10"]
[SourceQuality "1"]
[WhiteTeam "Halle USV"]
[BlackTeam "Dresden USV TU II"]
[WhiteTeamCountry "GER"]
[BlackTeamCountry "GER"]

1. d4 e6 2. c4 Bb4+ 3. Nc3 f5 4. Qc2 Nf6 5. a3 Bxc3+ 6. Qxc3 b6 7. Nf3 Bb7 8. b4 0-0 9. Bb2 d6 10. e3 Ne4 11. Qc2 Nd7 12. Bd3 Ng5 13. Nxg5 Qxg5 14. 0-0-0 e5 15. h4 Qxg2 16. Rhg1 Qh3 17. Rg3 Qxh4 18. Bxf5 Nf6 19. Rdg1 Be4 20. Rxg7+ Kh8 21. Bxe4 Nxe4 22. R7g4 Qxf2 23. Qxe4 Qe2 24. Qxh7+ 1-0

[Event "Oberliga Ost-A 1718"]
[Site "Germany"]
[Date "2017.10.22"]
[Round "1.6"]
[White "Verhulst, Nikolaas"]
[Black "Nake, Matthias"]
[Result "1/2-1/2"]
[WhiteElo "2070"]
[BlackElo "2170"]
[PlyCount "133"]
[EventDate "2017.10.22"]
[EventType "team-tourn"]
[EventRounds "11"]
[EventCountry "GER"]
[SourceTitle "EXT 2019"]
[Source "ChessBase"]
[SourceDate "2018.10.10"]
[SourceVersion "1"]
[SourceVersionDate "2018.10.10"]
[SourceQuality "1"]
[WhiteTeam "Dresden USV TU II"]
[BlackTeam "Dresden Gruen Weiss"]
[WhiteTeamCountry "GER"]
[BlackTeamCountry "GER"]

1. e4 c5 2. Nf3 Nc6 3. c3 d5 4. exd5 Qxd5 5. d4 Bg4 6. Be2 Nf6 7. h3 Bf5 8. Na3 e6 9. Nb5 Qd8 10. Bf4 Nd5 11. Bg3 a6 12. Na3 cxd4 13. Nxd4 Bxa3 14. Nxc6 bxc6 15. bxa3 Nxc3 16. Qc1 Qa5 17. Bc7 Qxc7 18. Qxc3 0-0 19. Bf3 Rac8 20. Qc5 Rfd8 21. 0-0 Qf4 22. Rad1 Bd3 23. Rfe1 Qc4 24. Rc1 Qxc5 25. Rxc5 Bb5 26. Rec1 Rd6 27. Bd1 Bd3 28. Bf3 Bb5 29. Bd1 Rd5 30. a4 Rxc5 31. Rxc5 Bd3 32. Bf3 Kf8 33. Rc3 Bb1 34. Be2 a5 35. Rc5 Bxa2 36. Kf1 Bd5 37. Rxa5 c5 38. g3 Ke7 39. Ra7+ Kf6 40. Ba6 Ra8 41. Rxa8 Bxa8 42. Ke2 Ke5 43. Kd3 Bd5 44. Bb5 Kd6 45. h4 f6 46. a5 Kc7 47. Kc3 h6 48. Kd3 g5 49. Ke3 Kd6 50. Kd3 f5 51. Bc4 f4 52. hxg5 hxg5 53. gxf4 gxf4 54. Bb5 e5 55. Kc3 e4 56. Ba6 Kc6 57. Bf1 f3 58. Ba6 Kd6 59. Bf1 Ke5 60. Bh3 Kf4 61. Kd2 Bb7 62. Bf1 Bd5 63. Bb5 c4 64. a6 Ke5 65. Ke3 c3 66. Ba4 Ba8 67. Bb3 1/2-1/2

[Event "BEL-ch op"]
[Site "Antwerp"]
[Date "2013.07.14"]
[Round "9"]
[White "Schaeken, Yordi"]
[Black "Verhulst, Nikolaas"]
[Result "1-0"]
[WhiteElo "2141"]
[BlackElo "1987"]
[PlyCount "65"]
[EventDate "2013.07.06"]
[EventType "swiss"]
[EventRounds "9"]
[EventCountry "BEL"]
[SourceTitle "CBM 155 Extra"]
[Source "ChessBase"]
[SourceDate "2013.08.26"]
[SourceVersion "1"]
[SourceVersionDate "2013.08.26"]
[SourceQuality "1"]

1. e4 c5 2. Nf3 Nf6 3. e5 Nd5 4. c3 e6 5. d4 cxd4 6. cxd4 d6 7. a3 Nc6 8. Bd3 b6 9. 0-0 Bb7 10. Qe2 Be7 11. Bd2 Rc8 12. Nc3 dxe5 13. dxe5 Nxc3 14. Bxc3 Qc7 15. Rac1 0-0 16. Qe4 g6 17. Qg4 Rfd8 18. Bb1 Bf8 19. h4 Bg7 20. h5 Ne7 21. hxg6 Nxg6 22. Ng5 Qe7 23. Bb4 Qe8 24. Qh5 h6 25. Nxf7 Qxf7 26. Bxg6 Qf4 27. Rxc8 Rxc8 28. Re1 Rc1 29. Bf7+ Kh8 30. Bxe6 Rxe1+ 31. Bxe1 Qxe5 32. Qe8+ Kh7 33. Bc3 1-0

[Event "BEL-ch op"]
[Site "Antwerp"]
[Date "2013.07.12"]
[Round "7"]
[White "Verhulst, Nikolaas"]
[Black "Hiel, Lino"]
[Result "1-0"]
[WhiteElo "1987"]
[BlackElo "1874"]
[PlyCount "69"]
[EventDate "2013.07.06"]
[EventType "swiss"]
[EventRounds "9"]
[EventCountry "BEL"]
[SourceTitle "CBM 155 Extra"]
[Source "ChessBase"]
[SourceDate "2013.08.26"]
[SourceVersion "1"]
[SourceVersionDate "2013.08.26"]
[SourceQuality "1"]

1. e4 e6 2. d4 d5 3. Nc3 Nf6 4. Bg5 Be7 5. Bxf6 Bxf6 6. e5 Be7 7. Bd3 c5 8. Qg4 g6 9. dxc5 Nd7 10. Bb5 Bxc5 11. f4 d4 12. Bxd7+ Bxd7 13. Ne4 Qa5+ 14. Kf2 0-0-0 15. Kg3 f5 16. exf6 e5 17. Qf3 exf4+ 18. Qxf4 Bf5 19. Nh3 Bxe4 20. Qxe4 Rhe8 21. Qg4+ Kb8 22. Rhf1 Bd6+ 23. Kh4 Qd2 24. Ng5 h5 25. Qf3 Re5 26. Qg3 Re4+ 27. Nxe4 Bxg3+ 28. hxg3 Qxg2 29. Rae1 Qxc2 30. f7 Rf8 31. Nd6 Qh2+ 32. Kg5 Qxg3+ 33. Kh6 Qxd6 34. Re8+ Kc7 35. Kg7 1-0

[Event "Brasschaat op 10th"]
[Site "Brasschaat"]
[Date "2010.08.20"]
[Round "7"]
[White "Ooms, Andy"]
[Black "Verhulst, Nikolaas"]
[Result "1-0"]
[WhiteElo "2267"]
[BlackElo "1992"]
[PlyCount "63"]
[EventDate "2010.08.14"]
[EventType "swiss"]
[EventRounds "9"]
[EventCountry "BEL"]
[SourceTitle "CBM 138 Extra"]
[Source "ChessBase"]
[SourceDate "2010.10.29"]
[SourceVersion "1"]
[SourceVersionDate "2010.10.29"]
[SourceQuality "1"]

1. Nf3 Nf6 2. d4 e6 3. g3 b6 4. Bg2 Bb7 5. 0-0 Be7 6. c4 0-0 7. Qc2 c5 8. Rd1 Qc7 9. Nc3 cxd4 10. Nb5 Qc8 11. Bf4 Na6 12. Rxd4 d5 13. Nd6 Bxd6 14. Bxd6 Rd8 15. Be7 Rd7 16. Bxf6 gxf6 17. Rg4+ Kh8 18. Rh4 Qg8 19. Rd1 Qg7 20. Rdd4 f5 21. Rh5 f6 22. Rdh4 Qf8 23. Qc3 Kg8 24. Nd4 Qd6 25. Nb5 Qe5 26. Qxe5 fxe5 27. cxd5 Rc8 28. Nc3 Bxd5 29. Bxd5 exd5 30. Rxf5 d4 31. Ne4 Re7 32. Nf6+ 1-0

[Event "BEL-ch op"]
[Site "Westerlo"]
[Date "2010.07.11"]
[Round "9"]
[White "Verhulst, Nikolaas"]
[Black "Barbier, Wiebke"]
[Result "0-1"]
[WhiteElo "1992"]
[BlackElo "1866"]
[PlyCount "44"]
[EventDate "2010.07.03"]
[EventType "swiss"]
[EventRounds "9"]
[EventCountry "BEL"]
[SourceTitle "CBM 137 Extra"]
[Source "ChessBase"]
[SourceDate "2010.09.01"]
[SourceVersion "1"]
[SourceVersionDate "2010.09.01"]
[SourceQuality "1"]

1. e4 e5 2. Nc3 d6 3. Bc4 c6 4. f4 Be7 5. Nf3 Nd7 6. 0-0 Ngf6 7. d3 0-0 8. Qe1 b5 9. Bb3 a5 10. a3 Qc7 11. Qg3 Nh5 12. Qh3 Nxf4 13. Bxf4 exf4 14. Qg4 Nc5 15. Qxf4 Nxb3 16. cxb3 Be6 17. Nd2 Bf6 18. Qf2 b4 19. Na4 c5 20. Kh1 Qd8 21. Rac1 Bg5 22. axb4 axb4 0-1